000 01478cam a2200337 i 4500
001 768714001
003 CO-MdFUSB
005 20230309145630.0
007 ta
008 070913t2008 miu | |0| | eng
020 _a9780801027017
040 _aDLC
_cCO-MdFUSB
_dYDXCP
_dBAKER
_dBTCTA
_dN#Z
_dC#P
_dLLU
_bspa
_erda
041 _aeng
082 _223
_a220.601
_bSP736
100 1 _aSparks, Kenton L.
_eautor
245 1 0 _aGod's word in human words :
_ban evangelical appropriation of critical biblical scholarship
_c/ Kenton L. Sparks.
264 1 _aGrand Rapids, Mich. :
_bBaker Academic,
_c[2008]
264 4 _c© 2008
300 _a415 páginas ;
_c23 cm.
336 _2rdacontent
_atexto
_btxt
337 _2rdamedia
_asin mediación
_bn
338 _2rdacarrier
_avolumen
_bnc
504 _aIncluye referencias bibliográficas (p. 375-394) e índices.
505 _aEpistemología y hermenéutica -- Crítica histórica y asiriología -- El problema de la crítica bíblica -- Respuestas "tradicionales" a la crítica bíblica -- Respuestas constructivas a la crítica bíblica -- Los géneros del discurso humano -- Los géneros del discurso divino -- El contexto del todo e interpretación bíblica -- Negociar el contexto del todo -- Crítica bíblica y teología cristiana.
563 _aRústico
630 0 7 _aBiblia
_xCrítica, interpretación, etc.
650 0 _aEvangelización
_9362
942 _cBK
945 _aJTF-925
999 _c68548
_d68548